Colors by Any 3 Letters Quiz Stats

Quiz Updated May 13, 2017

Also try: HTML Color Names
Challenge
Share
Tweet
Embed
Score 0/140 Timer 05:00
2 Plays Today
Color % Correct
YellowGreen
99.2%
OrangeRed
99.2%
GreenYellow
99.1%
DarkSlateGray
99%
LightSlateGray
99%
DarkOliveGreen
99%
LightGray
99%
DarkGray
99%
DarkSeaGreen
99%
LightSeaGreen
99%
DarkGreen
98.9%
LightGreen
98.9%
SlateGray
98.9%
LimeGreen
98.9%
MediumSeaGreen
98.8%
Gray
98.8%
PaleGreen
98.8%
DimGray
98.8%
SeaGreen
98.7%
MediumSpringGreen
98.7%
MediumVioletRed
98.7%
PaleVioletRed
98.7%
ForestGreen
98.7%
LightSkyBlue
98.6%
SpringGreen
98.6%
LawnGreen
98.6%
Green
98.6%
BlueViolet
98.5%
DarkSlateBlue
98.5%
DarkRed
98.5%
LightSteelBlue
98.5%
LightBlue
98.4%
DarkBlue
98.4%
FloralWhite
98.4%
Blue
98.3%
CornflowerBlue
98.1%
DeepSkyBlue
98.1%
MediumSlateBlue
98%
SkyBlue
97.9%
IndianRed
97.8%
LightGoldenRodYellow
97.8%
MediumBlue
97.8%
SlateBlue
97.6%
RoyalBlue
97.5%
MidnightBlue
97.5%
SteelBlue
97.4%
LightYellow
97.3%
Color % Correct
AliceBlue
97.2%
PowderBlue
97.2%
CadetBlue
97.2%
DodgerBlue
97.2%
Red
97.1%
LavenderBlush
96.9%
White
96.5%
LightPink
96.4%
NavajoWhite
96.4%
LightCoral
96%
AntiqueWhite
95.8%
WhiteSmoke
95.6%
GhostWhite
95.6%
DarkOrange
95.6%
MediumPurple
95.6%
Yellow
95%
Purple
93.7%
Pink
93.6%
PapayaWhip
93.6%
Black
93.1%
DeepPink
92.9%
HotPink
92.8%
Orange
92.7%
Coral
92.5%
BlanchedAlmond
91.8%
RosyBrown
91.7%
SandyBrown
91.7%
Brown
91.3%
SaddleBrown
91%
DarkViolet
90.6%
DarkTurquoise
85.6%
DarkGoldenRod
84.9%
DarkMagenta
84.3%
LightSalmon
82.3%
MediumAquaMarine
81.3%
DarkSalmon
81.1%
LightCyan
80.5%
Violet
79.9%
DarkCyan
79%
PaleTurquoise
77.8%
PaleGoldenRod
76.7%
DarkKhaki
76.1%
MediumTurquoise
76.1%
DarkOrchid
75.7%
Aquamarine
73.5%
GoldenRod
69.1%
Gold
69%
Color % Correct
Cornsilk
67.9%
Turquoise
66.9%
Tan
62.1%
Magenta
61.8%
Salmon
58.7%
MediumOrchid
57.3%
Aqua
57.2%
Silver
56.9%
Lime
56.1%
Indigo
55.7%
Lavender
55.3%
SeaShell
54.7%
Maroon
53.5%
Teal
53.3%
Beige
52.3%
Cyan
50.1%
OliveDrab
47.7%
Olive
47.3%
PeachPuff
45.9%
MintCream
45.4%
Navy
44.2%
FireBrick
41.1%
MistyRose
40.6%
Orchid
38.6%
LemonChiffon
38.2%
BurlyWood
36.6%
Khaki
34.1%
Chartreuse
33.5%
Chocolate
27.6%
Fuchsia
26.3%
Peru
23.1%
Sienna
22.8%
Crimson
22.7%
OldLace
20.1%
Linen
19.6%
Ivory
19.5%
Plum
17.1%
Snow
14.3%
Wheat
14%
Azure
13.4%
Thistle
12.8%
Tomato
12.6%
Gainsboro
12%
HoneyDew
12%
Bisque
11.9%
Moccasin
11.8%

You're not logged in!

Compare scores with friends on all Sporcle quizzes.
Join for Free
OR
Log In

You Might Also Like...

Show Comments

Extras

Top Quizzes Today


Score Distribution

Your Account Isn't Verified!

In order to create a playlist on Sporcle, you need to verify the email address you used during registration. Go to your Sporcle Settings to finish the process.

Report this User

Report this user for behavior that violates our Community Guidelines.

Details: